000 00632pam a2200229 a 4500
001 4679495
005 20180125034727.0
008 810921s1982 njua b 001 0 eng
010 _a 81015772
020 _a0139471197 (hard)
020 _a0139471014 (pbk.) :
_c$7.95
040 _aDLC
_cDLC
_dDLC
041 _aeng
080 _a629.1324
082 0 0 _a629.1324 DIC
_219
100 1 _a26
101 _aMEK
245 1 0 _aWeather and flight :
_cDon R. Dickson.
504 _aBibliography: p. 149-150.
906 _a7
_bcbc
_corignew
_d1
_eocip
_f19
_gy-gencatlg
942 _2ddc
_cBK
999 _c40896
_d40896